Harry Styles - Dance No More - All lyrics - Statistics

General Stats
  • This quiz has been taken 57 times
  • The average score is 274 of 343
Answer Stats
Answer % Correct
a
100%
Da,
100%
da
100%
da-ga-da,
100%
da-ga-da
100%
dance
100%
DJs
100%
don't
100%
more,
100%
more
100%
no
100%
No,
100%
the
100%
they
98%
I
95%
we
95%
We
95%
you
95%
You
95%
said
93%
to
90%
your
90%
all
88%
be
88%
Be
88%
with
88%
friends
86%
get
86%
Get
86%
wanna
86%
and
83%
And
83%
mother
83%
respect
83%
Respect,
83%
think
83%
go
81%
it
81%
it,
81%
our
79%
should
79%
like
74%
music
74%
What
74%
(Got
71%
got
71%
in
71%
So
71%
sweat,
71%
wet
71%
tears
69%
(Ah)
67%
between
67%
difference
67%
feeling
67%
feet
67%
life
67%
live
67%
of
67%
there's
67%
uh
67%
Heaven
64%
Keep
64%
me
64%
say)
62%
Teach
62%
water
62%
gotta
60%
here,
60%
here
60%
It's
60%
side
60%
their
60%
been
57%
hands
57%
Move
57%
out
57%
sent
57%
girl,
55%
good
55%
has
55%
satisfied
55%
see
55%
them
55%
up
55%
customer
52%
is
52%
ten
52%
But
50%
something
50%
high
48%
can
43%
fox
43%
or
43%
chest
40%
keeps
40%
off
40%
again
36%
Conversation
36%
hitting
36%
over
36%
tell
36%
that
36%
come
31%
hearing
26%
(I've
21%
Pum,
7%
pum-pum-pum,
7%
Pum-pum-pum,
7%
pum-pum-pum-pum-pum
7%
No matching quizzes found
Score Distribution
Percent of People with Each Score
Percentile by Number Answered
Your Score History
You have not taken this quiz